Biggest Trading Partners - Chile - Statistics

General Stats
  • This quiz has been taken 49 times
  • The average score is 37 of 40
Answer Stats
Import/Export Country % Correct
812.4 million Argentina
100%
4.91 billion Argentina
100%
4.5 billion Brazil
100%
7.69 billion Brazil
100%
34.4 billion China
100%
27.49 billion China
100%
1.15 billion France
100%
1.22 billion France
100%
1.4 billion Mexico
100%
2.55 billion Mexico
100%
1.5 billion Spain
100%
2.13 billion Spain
100%
14.8 billion United States
100%
15.98 billion United States
100%
1.22 billion Canada
98%
1.17 billion Canada
98%
798.6 million Colombia
98%
1.4 billion Colombia
98%
1.11 billion Germany
98%
2.97 billion Germany
98%
740 million Italy
98%
1.49 billion Italy
98%
6.9 billion Japan
98%
2.19 billion Japan
98%
632.1 million United Kingdom
98%
1.08 billion India
95%
1.26 billion India
95%
1.6 billion Peru
93%
1.73 billion Peru
93%
1.06 billion Paraguay
91%
623.3 million Russia
91%
4.6 billion South Korea
89%
1.73 billion South Korea
89%
1.17 billion Ecuador
84%
1.5 billion Netherlands
84%
641.33 million Turkey
73%
1.32 billion Vietnam
70%
785.43 million Thailand
64%
1.9 billion Taiwan
59%
951.5 million Switzerland
57%
No matching quizzes found
Score Distribution
Percent of People with Each Score
Percentile by Number Answered
Your Score History
You have not taken this quiz